| 000 | 01644cam a22004937a 4500 | ||
|---|---|---|---|
| 001 | 8156 | ||
| 003 | FISKH | ||
| 005 | 20250829093052.0 | ||
| 008 | 060609s2007 nyua j 000 1 eng d | ||
| 010 | _a 2006928972 | ||
| 020 | _a9781416927914 | ||
| 020 |
_a1416927913 _qpbk. |
||
| 040 |
_aKRL _cKRL _dDLC _beng |
||
| 042 | _alccopycat | ||
| 050 | 0 | 0 |
_aPZ7.D4368 _bCam 2007 |
| 082 | 0 | 4 |
_a823.92 _222 |
| 100 | 1 | _aDenton, P. J. | |
| 245 | 1 | 0 |
_aCamping out / _cP.J. Denton ; illustrated by Julia Denos. |
| 260 |
_aNew York : _bAladdin Paperbacks, _c2007. |
||
| 300 |
_a96 pages : _billustrations ; _c20 cm |
||
| 490 | 1 |
_aSleepover squad ; _v#2 |
|
| 505 | _aK | ||
| 520 | _aIt is Emily's turn to host the next sleepover, and she's having a campout! | ||
| 521 | 1 |
_a510
_bLexile estimate |
|
| 521 | 1 |
_aK
_bRaz-Plus |
|
| 650 | 0 |
_aSleepovers _vJuvenile fiction. |
|
| 650 | 0 |
_aCamping _vJuvenile fiction. |
|
| 650 | 0 |
_aFriendship _vJuvenile fiction. |
|
| 650 | 0 |
_aInsect phobia _vJuvenile fiction. |
|
| 650 | 1 |
_aSleepovers _vFiction. |
|
| 650 | 1 |
_aCamping _vFiction. |
|
| 650 | 1 |
_aFriendship _vFiction. |
|
| 650 | 7 |
_aSleepovers _vFiction. _2sears |
|
| 650 | 7 |
_aCamping _vFiction. _2sears |
|
| 650 | 7 |
_aInsects _vFiction. _2sears |
|
| 650 | 7 |
_aFriendship _vFiction. _2sears |
|
| 650 | 7 |
_aSchool stories. _2sears |
|
| 655 | 7 |
_aFiction. _2lcgft _0https://id.loc.gov/authorities/genreForms/gf2014026339 |
|
| 655 | 7 |
_aFiction. _2lcgft _0https://id.loc.gov/authorities/genreForms/gf2014026339 |
|
| 700 | 1 |
_aDenos, Julia, _eillustrator |
|
| 906 |
_a7 _bcbc _ccopycat _d2 _eepcn _f20 _gy-gencatlg |
||
| 942 |
_2ddc _cBK _n0 |
||
| 999 |
_c8156 _d8156 |
||